000 nam a22 4500
999 _c9381
_d9381
008 180516b ||||| |||| 00| 0 eng d
020 _a978-0-544-55726-0 (hardback)
082 _22016
_aDC 641.86
_bK790
100 _927871
_aKo, Genevieve, author.
245 _aBetter baking :
_bwholesome ingredients, delicious desserts /
_cGenevieve Ko ; photography by Romulo Yanes.
260 _aBoston :
_bHoughton Mifflin Harcourt,
_c©2016.
300 _a400 pages :
_bcolor illustrations;
_c26 cm
500 _aIncludes index.
650 0 _927872
_aDesserts.
650 0 _927875
_aBaking.
650 0 _927876
_aCooking (Natural foods)
365 _b4,085.00
_cPhp
942 _2ddc
_cDC